| 000 | 01327cam a2200301Ia 4500 | ||
|---|---|---|---|
| 001 | operationdumpchu00park | ||
| 003 | CaSfIA | ||
| 005 | 20210118194939.0 | ||
| 007 | cr|||| | ||
| 008 | 831212t19831982nyu j 000 1 eng d | ||
| 010 | _a 81008147 | ||
| 040 |
_aBOA _cBOA _dOCL _dBTCTA _dBAKER _dYDXCP _dCaSfIA |
||
| 020 | _a0380639742 | ||
| 020 | _a9780380639748 | ||
| 035 | _a(OCoLC)10212496 | ||
| 092 |
_aFIC _bPar |
||
| 100 | 1 | _aPark, Barbara. | |
| 245 | 1 | 0 |
_aOperation, dump the chump / _h[electronic resource] _cBarbara Park. |
| 260 |
_aNew York : _bAvon, _c1983, c1982. |
||
| 300 |
_a113 p. ; _c20 cm. |
||
| 520 | _aEleven year-old Oscar devises an elaborate plan to get rid of his pesky little brother. | ||
| 650 | 1 |
_aBrothers and sisters _vFiction. |
|
| 856 | 4 | 1 |
_uhttp://www.archive.org/details/operationdumpchu00park _zFree eBook from the Internet Archive |
| 856 | 4 | 2 |
_uhttp://www.openlibrary.org/books/OL7432214M _zAdditional information and access via Open Library |
| 942 | _cEB | ||
| 506 | _fНеобхідна авторизація на https://archive.org/ (створення облікового запису безкоштовно) | ||
| 506 | _fНеобхідна авторизація на https://openlibrary.org/ (створення облікового запису безкоштовно) | ||
| 999 |
_c533390 _d533390 |
||